[Event "Xtracon Chess Open 2016"]
[Site "Elsinore"]
[Date "2016.07.30"]
[Round "9.51"]
[White "Madsen, Michael B"]
[Black "Rosenkilde, Alexander"]
[Result "0-1"]
[WhiteElo "2089"]
[BlackElo "2211"]
[PlyCount "128"]
[EventDate "2016.07.23"]

1. Nf3 Nf6 2. c4 e6 3. g3 d5 4. d4 Bb4+ 5. Nbd2 O-O 6. Bg2 b6 7. a3 Be7 8. cxd5
exd5 9. O-O Bb7 10. Qc2 c5 11. dxc5 bxc5 12. Nb3 Nbd7 13. Bd2 Qb6 14. Bh3 Ba6
15. Nc1 Rfd8 16. Qa4 Bb5 17. Qh4 Nf8 18. Bf5 d4 19. b4 c4 20. a4 Bc6 21. a5 Qb5
22. Nxd4 Rxd4 23. Qxd4 Qxf5 24. Qxc4 Rc8 25. Nd3 Bd5 26. Qf4 Qh3 27. f3 Ne6 28.
Qh4 Qxh4 29. gxh4 Nd4 30. Be3 Nxe2+ 31. Kh1 a6 32. Bc5 Bxc5 33. Nxc5 Bc4 34.
Rfd1 Kf8 35. Rd2 Bb5 36. Rad1 Nc3 37. Rc1 Nfd5 38. Rxd5 Nxd5 39. Ne6+ fxe6 40.
Rxc8+ Kf7 41. h5 h6 42. Kg2 Nxb4 43. Kg3 Nc6 44. Kf4 Nxa5 45. Ke5 Nc4+ 46. Kd4
Nb6 47. Rb8 Nd7 48. Ra8 Kf6 49. f4 Bf1 50. Rd8 Ke7 51. Rg8 Kf7 52. Rd8 Nf6 53.
Ke5 Nxh5 54. Rd7+ Kg6 55. Rd6 Nf6 56. Rxe6 Kh5 57. h3 Kh4 58. Re7 Nh5 59. Re6
Kxh3 60. Rg6 Kh4 61. f5 Bd3 62. Rg1 Ng3 63. f6 gxf6+ 64. Kxf6 Bf1 0-1

[Event "Xtracon Chess Open 2016"]
[Site "Elsinore"]
[Date "2016.07.30"]
[Round "9.52"]
[White "Thogersen, Rasmus"]
[Black "Skovgaard, Ib"]
[Result "1-0"]
[WhiteElo "2205"]
[BlackElo "1972"]
[PlyCount "75"]
[EventDate "2016.07.23"]

1. e4 Nf6 2. e5 Nd5 3. d4 d6 4. Nf3 Bf5 5. Be2 dxe5 6. Nxe5 Nb4 7. Na3 e6 8.
O-O Nd7 9. Nxd7 Qxd7 10. c3 Nd5 11. Nc4 Bd6 12. Bf3 O-O 13. Re1 Rfe8 14. Qb3 h6
15. Qxb7 Rab8 16. Qa6 Bf4 17. Bxf4 Nxf4 18. Ne5 Qe7 19. b4 Qg5 20. g3 f6 21.
Nc6 Nh3+ 22. Kg2 Nf4+ 23. Kg1 Nh3+ 24. Kg2 Nf4+ 25. Kh1 Nd3 26. Nxb8 Nxe1 27.
Rxe1 Rxb8 28. Qxa7 Rb5 29. Qxc7 Qd2 30. Re2 Qd1+ 31. Kg2 Bh3+ 32. Kxh3 Qf1+ 33.
Kg4 h5+ 34. Kh4 g5+ 35. Kxh5 Qh3+ 36. Kg6 Qf5+ 37. Kh6 Qh3+ 38. Bh5 1-0

[Event "Xtracon Chess Open 2016"]
[Site "Elsinore"]
[Date "2016.07.30"]
[Round "9.53"]
[White "Fossan, Andreas"]
[Black "Ramsdal, Jens Albert"]
[Result "1/2-1/2"]
[WhiteElo "2071"]
[BlackElo "2204"]
[PlyCount "61"]
[EventDate "2016.07.23"]

1. d4 Nf6 2. c4 g6 3. Nc3 Bg7 4. e4 d6 5. Bd3 O-O 6. Nge2 c5 7. d5 e5 8. f3 Na6
9. Be3 Bd7 10. Qd2 Rb8 11. O-O Nc7 12. a3 b5 13. cxb5 Nxb5 14. Nxb5 Bxb5 15.
Bxb5 Rxb5 16. b4 Nd7 17. Nc3 Rb7 18. bxc5 Nxc5 19. Bxc5 dxc5 20. Rab1 Rxb1 21.
Rxb1 Qa5 22. Qb2 Bh6 23. Kf2 c4 24. Qb4 Qd8 25. g3 Qd7 26. d6 Bd2 27. Nd5 Bxb4
28. Nf6+ Kg7 29. Nxd7 Rd8 30. Rxb4 Rxd7 31. Rxc4 1/2-1/2

[Event "Xtracon Chess Open 2016"]
[Site "Elsinore"]
[Date "2016.07.30"]
[Round "9.54"]
[White "Meurman, Arne"]
[Black "Walton, Alan J"]
[Result "1/2-1/2"]
[WhiteElo "2035"]
[BlackElo "2201"]
[PlyCount "54"]
[EventDate "2016.07.23"]

1. e4 e6 2. d4 d5 3. Nd2 a6 4. c3 c5 5. exd5 exd5 6. Ngf3 Nf6 7. Be2 Nc6 8. O-O
cxd4 9. Nxd4 Bd6 10. N2f3 h6 11. h3 O-O 12. Bd3 Qc7 13. Re1 Bd7 14. Be3 Rae8
15. Nf5 Bxf5 16. Bxf5 Ne5 17. Bd4 Re7 18. Bxe5 Bxe5 19. Bc2 Rfe8 20. Kh1 Qb6
21. Qd2 Kf8 22. Ba4 Ne4 23. Rxe4 dxe4 24. Nxe5 Rxe5 25. Bxe8 Rxe8 26. Re1 Kg8
27. c4 Re7 1/2-1/2

[Event "Xtracon Chess Open 2016"]
[Site "Elsinore"]
[Date "2016.07.30"]
[Round "9.55"]
[White "Aubert, Carsten"]
[Black "Rossen, Claus"]
[Result "0-1"]
[WhiteElo "1977"]
[BlackElo "2199"]
[PlyCount "52"]
[EventDate "2016.07.23"]

1. d4 Nf6 2. c4 g6 3. Nc3 d5 4. cxd5 Nxd5 5. e4 Nxc3 6. bxc3 Bg7 7. Bc4 c5 8.
Ne2 Nc6 9. Be3 O-O 10. O-O Bd7 11. Qd2 Qa5 12. Rad1 Rac8 13. d5 Ne5 14. Bb3 Bb5
15. f4 Nc4 16. Bxc4 Bxc4 17. Rb1 b6 18. Rfc1 Qxa2 19. Qxa2 Bxa2 20. Ra1 Bc4 21.
Kf2 a5 22. Ra4 Bb3 23. Raa1 a4 24. Rcb1 b5 25. Nc1 Bc4 26. Ra3 Rfd8 0-1

[Event "Xtracon Chess Open 2016"]
[Site "Elsinore"]
[Date "2016.07.30"]
[Round "9.56"]
[White "Jensen, Michael Agermose"]
[Black "Hartung Nielsen, Jens"]
[Result "1/2-1/2"]
[WhiteElo "2001"]
[BlackElo "2194"]
[PlyCount "50"]
[EventDate "2016.07.23"]

1. e4 d5 2. exd5 Nf6 3. d4 Bg4 4. Be2 Bxe2 5. Qxe2 Qxd5 6. Nf3 Nc6 7. c3 O-O-O
8. Bf4 e6 9. Nbd2 Nh5 10. Be3 Nf6 11. Bf4 Qf5 12. Bg3 Bd6 13. Bxd6 Rxd6 14. O-O
Nd5 15. Nc4 Rdd8 16. Nce5 Nf4 17. Qe3 Nxe5 18. Nxe5 g5 19. Rfe1 h5 20. Qe4 Qxe4
21. Rxe4 Rh7 22. Nf3 Rg7 23. Nxg5 Nxg2 24. Kxg2 Rxg5+ 25. Kf3 Rdd5 1/2-1/2

[Event "Xtracon Chess Open 2016"]
[Site "Elsinore"]
[Date "2016.07.30"]
[Round "9.57"]
[White "Justinussen, Sigurd B"]
[Black "Johansen, Oivind"]
[Result "0-1"]
[WhiteElo "1959"]
[BlackElo "2180"]
[PlyCount "80"]
[EventDate "2016.07.23"]

1. e4 d5 2. exd5 Qxd5 3. Nc3 Qa5 4. Nf3 Nf6 5. Be2 Bf5 6. O-O c6 7. d3 h6 8.
Bd2 Qc7 9. Nd4 Bh7 10. Bf3 e5 11. Re1 Be7 12. Nb3 Nbd7 13. Qe2 O-O 14. Rad1 a5
15. a4 Rfe8 16. g3 Bf8 17. Bg2 Bf5 18. Be3 Bg4 19. f3 Be6 20. Nd2 Nd5 21. Nxd5
cxd5 22. c3 Nc5 23. Bxc5 Bxc5+ 24. Kh1 Bd7 25. Ra1 Qb6 26. b3 Rac8 27. Rec1 f5
28. Rab1 f4 29. c4 fxg3 30. hxg3 Qg6 31. Nf1 Bf5 32. Rd1 e4 33. dxe4 dxe4 34.
fxe4 Rxe4 35. Qf3 Rce8 36. Rd5 Bg4 37. Qd3 Be2 38. Bxe4 Rxe4 39. Qd2 Bf3+ 40.
Kh2 Re2+ 0-1

[Event "Xtracon Chess Open 2016"]
[Site "Elsinore"]
[Date "2016.07.30"]
[Round "9.58"]
[White "Ivarsson, Torbjorn"]
[Black "Jacobsen, Elise Sjottem"]
[Result "1-0"]
[WhiteElo "2180"]
[BlackElo "1611"]
[PlyCount "81"]
[EventDate "2016.07.23"]

1. e4 c5 2. Nf3 d6 3. Bb5+ Bd7 4. Bxd7+ Qxd7 5. O-O Nc6 6. c3 Nf6 7. Re1 e6 8.
d3 Be7 9. Nbd2 O-O 10. Nf1 b5 11. Ng3 Qc7 12. Bg5 Nd7 13. d4 Bxg5 14. Nxg5 Qb6
15. d5 exd5 16. Qxd5 Ne7 17. Qd1 Ne5 18. Nf3 Rad8 19. Nxe5 dxe5 20. Qh5 Ng6 21.
Qg5 Rd7 22. Rad1 Rfd8 23. Rxd7 Rxd7 24. Nf5 Qd8 25. Qg4 f6 26. h4 Nf4 27. h5
Qe8 28. h6 g6 29. Ng7 Qd8 30. g3 Nd3 31. Rd1 c4 32. a4 Nc5 33. Rd5 Rxd5 34.
exd5 Qd7 35. Qf3 Kf7 36. axb5 Qxb5 37. Qg4 Qd7 38. Qxc4 Qd6 39. b4 Nd7 40. Qc8
Qe7 41. d6 1-0

[Event "Xtracon Chess Open 2016"]
[Site "Elsinore"]
[Date "2016.07.30"]
[Round "9.59"]
[White "Andersen, Morten"]
[Black "Andreassen, Mikkel"]
[Result "1-0"]
[WhiteElo "2173"]
[BlackElo "1937"]
[PlyCount "67"]
[EventDate "2016.07.23"]

1. c4 c5 2. g3 g6 3. Bg2 Bg7 4. Nc3 Nc6 5. Nf3 e6 6. O-O Nge7 7. d3 O-O 8. Bg5
h6 9. Bd2 b6 10. Rb1 Bb7 11. a3 d6 12. b4 Qd7 13. e3 Kh7 14. Ne2 e5 15. Bc3 f5
16. d4 e4 17. Ne1 cxb4 18. axb4 a5 19. b5 Nd8 20. d5 Bxc3 21. Nxc3 Nf7 22. f4
exf3 23. Nxf3 Ne5 24. Nxe5 dxe5 25. d6 Ng8 26. Bxb7 Qxb7 27. Qd5 Qxd5 28. Nxd5
Rab8 29. Nxb6 Nf6 30. Na4 Ne4 31. c5 Nd2 32. c6 Rfe8 33. c7 Rb7 34. b6 1-0

[Event "Xtracon Chess Open 2016"]
[Site "Elsinore"]
[Date "2016.07.30"]
[Round "9.60"]
[White "Kizatbay, Alseit"]
[Black "Christensen, Lasse"]
[Result "1/2-1/2"]
[WhiteElo "1945"]
[BlackElo "2162"]
[PlyCount "25"]
[EventDate "2016.07.23"]

1. d4 Nf6 2. c4 e6 3. Nf3 b6 4. g3 Bb7 5. Bg2 Be7 6. O-O O-O 7. b3 d5 8. Bb2
Nbd7 9. Nc3 c5 10. cxd5 exd5 11. Rc1 a6 12. e3 b5 13. dxc5 1/2-1/2

[Event "Xtracon Chess Open 2016"]
[Site "Elsinore"]
[Date "2016.07.30"]
[Round "9.61"]
[White "Jacobsen, Mikkel Manosri"]
[Black "Philipsen, William Horup"]
[Result "1-0"]
[WhiteElo "2245"]
[BlackElo "2016"]
[PlyCount "63"]
[EventDate "2016.07.23"]

1. Nf3 Nc6 2. b3 e5 3. d3 d5 4. Nbd2 Nf6 5. Bb2 Bc5 6. e3 Qe7 7. Be2 Bf5 8. O-O
O-O-O 9. Nxe5 Nxe5 10. d4 Neg4 11. dxc5 Qxc5 12. Bd3 Ne4 13. Qf3 g6 14. Nxe4
dxe4 15. Bxe4 Bxe4 16. Qxe4 Qh5 17. h3 f5 18. Qe6+ Kb8 19. hxg4 Qxg4 20. Bxh8
Rxh8 21. Rad1 h5 22. Qf6 Rc8 23. Rd4 f4 24. Rxf4 Qe2 25. e4 Qxc2 26. e5 Qxa2
27. e6 Qxb3 28. e7 Qb5 29. Qf8 Qe8 30. Qxe8 Rxe8 31. Rf8 Rxf8 32. exf8=R# 1-0

[Event "Xtracon Chess Open 2016"]
[Site "Elsinore"]
[Date "2016.07.30"]
[Round "9.62"]
[White "Andersen, Per O"]
[Black "Roe, Simon J"]
[Result "1/2-1/2"]
[WhiteElo "1962"]
[BlackElo "2238"]
[PlyCount "57"]
[EventDate "2016.07.23"]

1. d4 d5 2. c4 dxc4 3. Nf3 Nf6 4. e3 Bg4 5. Bxc4 e6 6. O-O a6 7. h3 Bh5 8. Be2
Nc6 9. Ne5 Bxe2 10. Qxe2 Nxe5 11. dxe5 Nd7 12. f4 Bc5 13. Kh1 O-O 14. Nc3 Qe7
15. e4 Rad8 16. Be3 Bb4 17. Bd4 Nb8 18. Bf2 Nc6 19. Qh5 Qe8 20. Qg4 Be7 21. Bg3
Rd3 22. f5 h5 23. Qxh5 Rxg3 24. f6 Bc5 25. Rf4 Rg6 26. Rh4 Rh6 27. Qg5 Rg6 28.
Qh5 Rh6 29. Qg5 1/2-1/2

[Event "Xtracon Chess Open 2016"]
[Site "Elsinore"]
[Date "2016.07.30"]
[Round "9.63"]
[White "Dahl, Trygve"]
[Black "Jessen, Alexander"]
[Result "1-0"]
[WhiteElo "2233"]
[BlackElo "2014"]
[PlyCount "45"]
[EventDate "2016.07.23"]

1. e4 e6 2. d4 d5 3. Nc3 Bb4 4. exd5 exd5 5. Bd3 Nc6 6. a3 Bxc3+ 7. bxc3 Nge7
8. Rb1 b6 9. Qh5 Ng6 10. Nf3 Nce7 11. O-O O-O 12. Ng5 h6 13. Nf3 Re8 14. Re1
Qd7 15. Bxh6 gxh6 16. Qxh6 Nf8 17. Ng5 Neg6 18. h4 f6 19. Bxg6 Rxe1+ 20. Rxe1
fxg5 21. Re8 Qg7 22. Bh7+ Kf7 23. Re7+ 1-0

[Event "Xtracon Chess Open 2016"]
[Site "Elsinore"]
[Date "2016.07.30"]
[Round "9.64"]
[White "Skou, Niels"]
[Black "Brondt, Nicolai Kvist"]
[Result "1-0"]
[WhiteElo "2011"]
[BlackElo "2231"]
[PlyCount "77"]
[EventDate "2016.07.23"]

1. d4 Nf6 2. c4 c5 3. d5 b5 4. cxb5 a6 5. bxa6 g6 6. Nc3 Bg7 7. e4 O-O 8. Nf3
Qa5 9. Bd2 Bxa6 10. Be2 Qb4 11. Qc2 Bxe2 12. Kxe2 Na6 13. Rhc1 Rfb8 14. b3 Qb7
15. Kf1 d6 16. Be1 Nd7 17. Qe2 Ne5 18. Nxe5 Bxe5 19. Rab1 Nc7 20. Rc2 Ra3 21.
Bd2 Nb5 22. Nxb5 Qxb5 23. Qxb5 Rxb5 24. Re1 Rb7 25. Re2 f5 26. exf5 gxf5 27.
Bc1 Ra8 28. Rc4 Kf7 29. h3 Rba7 30. Rcc2 h5 31. g3 Rb7 32. Be3 Rb4 33. Bxc5 Rb7
34. Be3 Rd7 35. Bg5 Raa7 36. Be3 Rab7 37. Red2 Bf6 38. Ke2 Ke8 39. Bd4 1-0

[Event "Xtracon Chess Open 2016"]
[Site "Elsinore"]
[Date "2016.07.30"]
[Round "9.65"]
[White "Schmitt, Carsten"]
[Black "Rolvag, Mikael"]
[Result "1/2-1/2"]
[WhiteElo "2008"]
[BlackElo "2214"]
[PlyCount "58"]
[EventDate "2016.07.23"]

1. c4 c5 2. g3 g6 3. Bg2 Bg7 4. Nc3 Nf6 5. e4 Nc6 6. Nge2 O-O 7. d3 Ne8 8. Be3
d6 9. a3 Nc7 10. Rb1 Ne6 11. b4 Ncd4 12. O-O Rb8 13. Qd2 b6 14. Bh6 Bd7 15.
Bxg7 Kxg7 16. Qb2 Kg8 17. b5 Qc8 18. Nd5 Re8 19. Nec3 Nc7 20. f4 Nxd5 21. Nxd5
Be6 22. Ne3 f6 23. Qf2 Rf8 24. f5 Bf7 25. g4 a6 26. a4 Kg7 27. h4 axb5 28. axb5
e6 29. g5 exf5 1/2-1/2

[Event "Xtracon Chess Open 2016"]
[Site "Elsinore"]
[Date "2016.07.30"]
[Round "9.66"]
[White "Thuesen, Mogens Henrik"]
[Black "Christensen, Casper"]
[Result "1/2-1/2"]
[WhiteElo "2200"]
[BlackElo "2012"]
[PlyCount "71"]
[EventDate "2016.07.23"]

1. d4 Nf6 2. Bg5 g6 3. Bxf6 exf6 4. e3 d5 5. Nd2 Bg7 6. c4 c5 7. Ngf3 Nc6 8.
cxd5 Qxd5 9. Bc4 Qd8 10. dxc5 Qa5 11. Rc1 O-O 12. O-O f5 13. Nd4 Ne5 14. a3
Nxc4 15. Rxc4 Be6 16. Nxe6 fxe6 17. Qc1 Rac8 18. Nb3 Qa6 19. Nd4 e5 20. Nf3
Rfd8 21. b3 Rd3 22. Qc2 e4 23. a4 Rcd8 24. c6 bxc6 25. Rxc6 Qa5 26. Ng5 Rc3 27.
Rxc3 Qxc3 28. Qb1 Bf6 29. Rc1 Qb2 30. Ne6 Rd2 31. Qxb2 Rxb2 32. Nc5 Be7 33. g4
Bh4 34. Rf1 Be7 35. Rc1 Bh4 36. Rf1 1/2-1/2

[Event "Xtracon Chess Open 2016"]
[Site "Elsinore"]
[Date "2016.07.30"]
[Round "9.67"]
[White "Rolvag, Birk Anders"]
[Black "Eriksson, Christian Altenburg"]
[Result "0-1"]
[WhiteElo "1959"]
[BlackElo "2176"]
[PlyCount "51"]
[EventDate "2016.07.23"]

1. e4 c5 2. Nc3 Nc6 3. g3 g6 4. Bg2 Bg7 5. Nge2 d6 6. d3 e5 7. O-O Nge7 8. Be3
O-O 9. Qd2 Nd4 10. f4 f5 11. Nd1 Rb8 12. c3 Nxe2+ 13. Qxe2 b6 14. Nf2 Ba6 15.
Rfd1 fxe4 16. Nxe4 d5 17. Ng5 Qd6 18. Re1 e4 19. Qg4 Bxd3 20. Ne6 Rf5 21. Nxg7
Kxg7 22. Rad1 Rd8 23. Bc1 Ng8 24. Rd2 Nh6 25. Qd1 c4 26. Bxe4 0-1

[Event "Xtracon Chess Open 2016"]
[Site "Elsinore"]
[Date "2016.07.30"]
[Round "9.68"]
[White "Christiansen, Jens Jorgen"]
[Black "Madsen, Michael Ole"]
[Result "0-1"]
[WhiteElo "2170"]
[BlackElo "2010"]
[PlyCount "72"]
[EventDate "2016.07.23"]

1. d4 d5 2. c4 c6 3. Nf3 Nf6 4. e3 Bf5 5. Nc3 e6 6. Nh4 Bg6 7. Be2 Nbd7 8. O-O
Qc7 9. h3 Be7 10. Nxg6 hxg6 11. Bd2 dxc4 12. Bxc4 e5 13. Qb3 O-O 14. d5 b5 15.
Bd3 Nc5 16. Qc2 b4 17. Ne4 Ncxe4 18. Bxe4 Nxe4 19. Qxe4 cxd5 20. Qd3 e4 21. Qb3
a5 22. Rfd1 Qe5 23. Be1 Rfd8 24. a4 Bf6 25. Rd4 Qf5 26. Rd2 d4 27. exd4 Rxd4
28. Rad1 Rad8 29. Qe3 Rd3 30. Qb6 Rxd2 31. Rxd2 Rxd2 32. Bxd2 Bxb2 33. Qd8+ Kh7
34. g4 Bf6 35. Qf8 Qd5 36. g5 Bxg5 0-1

[Event "Xtracon Chess Open 2016"]
[Site "Elsinore"]
[Date "2016.07.30"]
[Round "9.69"]
[White "Rasmussen, Lars"]
[Black "Hinrichs, Lars"]
[Result "1/2-1/2"]
[WhiteElo "1956"]
[BlackElo "2157"]
[PlyCount "96"]
[EventDate "2016.07.23"]

1. e4 e6 2. d4 d5 3. Nd2 Nc6 4. Ngf3 Nf6 5. e5 Nd7 6. c3 f6 7. exf6 Qxf6 8. Be2
Bd6 9. O-O O-O 10. Nb3 a5 11. Bg5 Qg6 12. Be3 a4 13. Nbd2 Nf6 14. Re1 Ng4 15.
Nf1 Bd7 16. Nh4 Qf6 17. Bxg4 Qxh4 18. g3 Qf6 19. Rc1 Ne7 20. Rc2 Nf5 21. Bc1 c5
22. Ne3 cxd4 23. Nxf5 exf5 24. Bf3 Bc6 25. Qxd4 Qxd4 26. cxd4 f4 27. Bg4 Rae8
28. Rce2 fxg3 29. hxg3 Rxe2 30. Rxe2 Kf7 31. Re3 Re8 32. Rxe8 Bxe8 33. Kf1 Bb5+
34. Ke1 Bc4 35. Bd1 b5 36. b3 axb3 37. axb3 Bd3 38. Kd2 Be4 39. Ke3 Kf6 40. Bd2
b4 41. Bf3 Bxf3 42. Kxf3 h5 43. Kg2 Kf5 44. f3 Be7 45. Kf2 Bf6 46. Bxb4 Bxd4+
47. Ke2 g5 48. Be7 Bf6 1/2-1/2

[Event "Xtracon Chess Open 2016"]
[Site "Elsinore"]
[Date "2016.07.30"]
[Round "9.70"]
[White "Grove, Peter"]
[Black "Rasmussen, Morten Fredsgaard"]
[Result "1-0"]
[WhiteElo "2155"]
[BlackElo "1972"]
[PlyCount "85"]
[EventDate "2016.07.23"]

1. c4 c6 2. Nc3 d5 3. e3 Nf6 4. Nf3 Bf5 5. cxd5 cxd5 6. Qb3 Bc8 7. Bb5+ Nc6 8.
Ne5 Qd6 9. d4 e6 10. Bd2 Nd7 11. f4 f6 12. Nf3 a6 13. Bd3 b5 14. O-O Be7 15.
Rac1 Nb6 16. a4 b4 17. Ne2 Bd7 18. Qc2 a5 19. Bxh7 O-O-O 20. Bd3 Kb7 21. b3 g5
22. Bb5 g4 23. Ne1 Rh6 24. Nd3 Qc7 25. g3 Rdh8 26. Rf2 Be8 27. Nc5+ Bxc5 28.
Qxc5 Nc8 29. e4 Rh5 30. e5 f5 31. Be3 N8a7 32. Rc2 Qh7 33. Nc1 Rh6 34. Nd3 Qc7
35. Rc1 Qb6 36. Qd6 Nxb5 37. Nc5+ Ka7 38. axb5 Nb8 39. Qe7+ Ka8 40. Ra2 Bxb5
41. Rxa5+ Na6 42. Ra2 Kb8 43. Rxa6 1-0

[Event "Xtracon Chess Open 2016"]
[Site "Elsinore"]
[Date "2016.07.30"]
[Round "9.71"]
[White "Westerlund, Ola"]
[Black "Christensen, Bo Garner"]
[Result "1-0"]
[WhiteElo "1930"]
[BlackElo "2150"]
[PlyCount "117"]
[EventDate "2016.07.23"]

1. d4 Nf6 2. c4 g6 3. Nf3 Bg7 4. g3 c5 5. d5 d6 6. Nc3 Qb6 7. Nd2 O-O 8. Bg2
Nbd7 9. Qc2 Ng4 10. O-O f5 11. e3 g5 12. h3 Nh6 13. Ne2 Qa6 14. a4 Be5 15. f4
Bf6 16. Rb1 g4 17. h4 Nb6 18. b3 e6 19. dxe6 Bxe6 20. Re1 d5 21. Nc3 Rfd8 22.
Nb5 Rac8 23. Bb2 Bxb2 24. Rxb2 Qa5 25. Re2 a6 26. Na3 Nf7 27. cxd5 Nxd5 28.
Bxd5 Rxd5 29. e4 Rd4 30. e5 Rcd8 31. Nac4 Qc7 32. a5 Qc6 33. Qc1 Qb5 34. Qc2
R8d7 35. Nf1 Rd1 36. Rd2 R1xd2 37. Nfxd2 Nd8 38. Nd6 Qe2 39. N2c4 Qe1+ 40. Kh2
Nc6 41. Qd2 Qxd2+ 42. Rxd2 Nd4 43. Rb2 Rc7 44. Kg1 Kf8 45. Kf2 Ke7 46. Ke3 Nc6
47. Kd2 Bxc4 48. bxc4 Nxa5 49. Nxf5+ Ke6 50. Nd6 Kd7 51. Kc3 Kc6 52. Rg2 b6 53.
f5 Re7 54. Re2 Kd7 55. f6 Re6 56. Nf5 Ke8 57. Ng7+ Kf7 58. Nxe6 Kxe6 59. Rf2
1-0

[Event "Xtracon Chess Open 2016"]
[Site "Elsinore"]
[Date "2016.07.30"]
[Round "9.72"]
[White "Burrows, Martin P"]
[Black "Nielsen, Morten"]
[Result "1-0"]
[WhiteElo "2149"]
[BlackElo "1965"]
[PlyCount "63"]
[EventDate "2016.07.23"]

1. e4 Nf6 2. e5 Nd5 3. d4 d6 4. c4 Nb6 5. exd6 exd6 6. Nc3 Be7 7. Bd3 Nc6 8.
Nge2 Bg4 9. Be3 O-O 10. b3 Bf6 11. Qd2 Re8 12. O-O Nb4 13. Bb1 Bxe2 14. Nxe2 c5
15. a3 Nc6 16. Ra2 Qe7 17. d5 Ne5 18. h3 g6 19. Ng3 a5 20. a4 Bg7 21. Ne4 Qf8
22. Kh1 h6 23. Nc3 f5 24. Nb5 Rec8 25. f4 Ned7 26. g4 fxg4 27. hxg4 Nb8 28. Qd3
Qe7 29. Bf2 Rf8 30. Re2 Qf6 31. Bg3 Na6 32. Re6 1-0

[Event "Xtracon Chess Open 2016"]
[Site "Elsinore"]
[Date "2016.07.30"]
[Round "9.73"]
[White "French, Max"]
[Black "Vestby Ellingsen, Mads"]
[Result "0-1"]
[WhiteElo "1908"]
[BlackElo "2126"]
[PlyCount "170"]
[EventDate "2016.07.23"]

1. d4 Nf6 2. c4 e6 3. Nf3 d5 4. Nc3 dxc4 5. e3 a6 6. Bxc4 b5 7. Bd3 Bb7 8. O-O
Nbd7 9. Bd2 c5 10. Rc1 Qb8 11. Qc2 Bxf3 12. gxf3 cxd4 13. exd4 Bd6 14. Kg2 O-O
15. Ne4 Be7 16. Qc7 Rd8 17. Ba5 Qxc7 18. Rxc7 Nd5 19. Rb7 Nf4+ 20. Kg3 Nxd3 21.
Bxd8 Rxd8 22. b3 Ba3 23. Rd1 Nb4 24. Nc3 Nf6 25. Nb1 Bb2 26. a4 Nc6 27. axb5
axb5 28. Rxb5 Nxd4 29. Kg2 Kf8 30. Rc5 Rb8 31. Nd2 Nd5 32. Rb1 Ba3 33. Rc4 Nf5
34. Ra4 Bb4 35. Ne4 g6 36. Ra7 h6 37. Rba1 Nd6 38. R1a4 Nxe4 39. fxe4 Nc3 40.
Ra8 Rxa8 41. Rxa8+ Kg7 42. f3 Kf6 43. Rb8 Bd6 44. Rb6 Bf4 45. b4 Nd1 46. Rc6
Ke7 47. b5 Kd7 48. Rc5 Nb2 49. e5 Nd3 50. Rc4 Bxe5 51. b6 Nf4+ 52. Kh1 Nd5 53.
b7 Bc7 54. Kg1 Ne7 55. Rb4 Nc6 56. Ra4 Bb8 57. Kg2 Kc7 58. Rh4 h5 59. Rf4 Nd8
60. Rc4+ Kxb7 61. Rb4+ Kc8 62. Rc4+ Kd7 63. Rb4 Bd6 64. Ra4 Nc6 65. Ra6 Ne7 66.
Ra7+ Bc7 67. Rb7 Nd5 68. Rb3 Ke7 69. Ra3 Kf6 70. Rb3 Bf4 71. Ra3 Kg5 72. Ra5 h4
73. Rb5 f5 74. Rb3 Nf6 75. Rb4 e5 76. Rb5 e4 77. fxe4 Nxe4 78. Rb4 Nf6 79. Ra4
h3+ 80. Kh1 Ng4 81. Ra5 Nxh2 82. Ra3 Ng4 83. Rf3 h2 84. Rf1 Bg3 85. Rf2 Nxf2+
0-1

[Event "Xtracon Chess Open 2016"]
[Site "Elsinore"]
[Date "2016.07.30"]
[Round "9.74"]
[White "Laustsen, Lars"]
[Black "Kizatbay, Abyl"]
[Result "1-0"]
[WhiteElo "2118"]
[BlackElo "1961"]
[PlyCount "139"]
[EventDate "2016.07.23"]

1. d4 Nf6 2. c4 g6 3. g3 Bg7 4. Bg2 d5 5. cxd5 Nxd5 6. Nf3 O-O 7. O-O Nc6 8.
Nc3 Nb6 9. e3 Be6 10. b3 a5 11. h3 a4 12. Rb1 axb3 13. axb3 Nd5 14. Bd2 Nxc3
15. Bxc3 Bd5 16. Qc2 f5 17. Ra1 Qd6 18. Qb2 e6 19. Rxa8 Rxa8 20. Ra1 Qd8 21.
Ne1 Bxg2 22. Nxg2 Bh6 23. Ne1 Ne7 24. Nd3 b6 25. Bd2 Bg7 26. Nf4 Kf7 27. h4 Nd5
28. Nd3 Qe8 29. Rxa8 Qxa8 30. Qc2 Qe8 31. Nf4 Qd7 32. e4 Nxf4 33. Bxf4 fxe4 34.
Bxc7 Bxd4 35. Bf4 Bc5 36. Qxe4 Qd5 37. Qc2 Qf5 38. Qa2 Qf6 39. Bg5 Qf3 40. Qa7+
Kg8 41. Qb8+ Qf8 42. Qxf8+ Kxf8 43. Kg2 Kf7 44. Kf3 e5 45. Be3 Bxe3 46. Kxe3
Ke6 47. Ke4 h6 48. g4 h5 49. gxh5 gxh5 50. f3 b5 51. f4 exf4 52. Kxf4 Kd5 53.
Kg5 Kd4 54. Kxh5 Kc3 55. Kg4 Kxb3 56. h5 Ka2 57. h6 b4 58. h7 b3 59. h8=Q b2
60. Qa8+ Kb3 61. Qe4 Ka2 62. Qa4+ Kb1 63. Kf3 Kc1 64. Qc4+ Kd2 65. Qb3 Kc1 66.
Qc3+ Kb1 67. Ke3 Ka2 68. Qc2 Ka1 69. Qa4+ Kb1 70. Kd3 1-0

[Event "Xtracon Chess Open 2016"]
[Site "Elsinore"]
[Date "2016.07.30"]
[Round "9.75"]
[White "Sande, Odmund"]
[Black "Molvig, Henrik"]
[Result "1/2-1/2"]
[WhiteElo "1877"]
[BlackElo "2110"]
[PlyCount "24"]
[EventDate "2016.07.23"]

1. d4 d5 2. c4 e6 3. Nc3 c5 4. cxd5 cxd4 5. Qxd4 Nc6 6. Qd1 exd5 7. e3 Nf6 8.
Nf3 Bc5 9. Be2 a6 10. O-O O-O 11. a3 d4 12. exd4 Nxd4 1/2-1/2

[Event "Xtracon Chess Open 2016"]
[Site "Elsinore"]
[Date "2016.07.30"]
[Round "9.77"]
[White "Svensson, Erik"]
[Black "Sorensen, Bernhard W"]
[Result "1-0"]
[WhiteElo "1848"]
[BlackElo "1655"]
[PlyCount "41"]
[EventDate "2016.07.23"]

1. e4 e6 2. d4 d5 3. Nc3 dxe4 4. Nxe4 Bd7 5. Nf3 Bc6 6. Bd3 Nd7 7. O-O Ngf6 8.
Neg5 h6 9. Nxe6 fxe6 10. Bg6+ Ke7 11. c4 Bxf3 12. Qxf3 c6 13. Re1 Nb6 14. Qh3
Qxd4 15. Qxe6+ Kd8 16. Be3 Qh4 17. Bxb6+ axb6 18. Rad1+ Kc7 19. Qe5+ Kc8 20.
Bf5+ Nd7 21. Bxd7+ 1-0

[Event "Xtracon Chess Open 2016"]
[Site "Elsinore"]
[Date "2016.07.30"]
[Round "9.78"]
[White "Frederiksen, Jacob"]
[Black "Jacobsen, Per"]
[Result "1-0"]
[WhiteElo "1382"]
[BlackElo "1636"]
[PlyCount "71"]
[EventDate "2016.07.23"]

1. e4 Nf6 2. Nc3 d6 3. d4 g6 4. h3 Bg7 5. Nf3 O-O 6. Bg5 Re8 7. Bd3 c6 8. O-O
Nbd7 9. Ne2 Qc7 10. c3 b5 11. Qb3 Rb8 12. Bf4 e5 13. dxe5 dxe5 14. Bg3 Nc5 15.
Qc2 Nxd3 16. Qxd3 Bb7 17. Ng5 Rbd8 18. Qc2 c5 19. f4 exf4 20. Nxf4 Qc6 21. e5
Rxe5 22. Nfe6 Rxe6 23. Nxe6 Qxe6 24. Rae1 Qd5 25. Rd1 Qc6 26. Rxd8+ Bf8 27.
Rdd1 Nd5 28. Qf2 f5 29. Rfe1 f4 30. Bh2 c4 31. Qe2 Ne3 32. Rd2 Qb6 33. Rd4 Nxg2
34. Qe6+ Kg7 35. Qxb6 axb6 36. Rd7+ 1-0

[Event "Xtracon Chess Open 2016"]
[Site "Elsinore"]
[Date "2016.07.30"]
[Round "9.79"]
[White "Nielsen, Thomas Bach"]
[Black "Ukkelberg, Oyvind"]
[Result "1-0"]
[WhiteElo "2103"]
[BlackElo "1956"]
[PlyCount "91"]
[EventDate "2016.07.23"]

1. d4 Nf6 2. c4 c5 3. d5 b5 4. cxb5 a6 5. b6 Qxb6 6. Nc3 g6 7. e4 d6 8. Nf3 Bg7
9. Be2 O-O 10. O-O Nbd7 11. Nd2 Bb7 12. Nc4 Qc7 13. Bf4 h6 14. Qd2 Kh7 15. Rad1
Ne8 16. h3 Ne5 17. Ne3 Qa5 18. Bh2 Rb8 19. h4 h5 20. f4 Ng4 21. Nxg4 hxg4 22.
Bxg4 Bd4+ 23. Kh1 Nf6 24. Bf3 Bc8 25. e5 Ng4 26. exd6 exd6 27. Ne4 Qd8 28. Ng5+
Kg8 29. Bg1 Rxb2 30. Qe1 Qb6 31. Rd2 Rxd2 32. Qxd2 Bxg1 33. Rxg1 Nh6 34. h5
gxh5 35. Bxh5 Qb4 36. Qd3 Bf5 37. Qg3 Kh8 38. Re1 Rb8 39. Kh2 Rg8 40. Bxf7 Rxg5
41. Re8+ Kh7 42. Qxg5 Ng4+ 43. Kg3 Qc3+ 44. Kh4 Qf6 45. Bg8+ Kh8 46. Be6+ 1-0